| 000 | 00753nam a22002297a 4500 | ||
|---|---|---|---|
| 005 | 2012051403023.0 | ||
| 008 | 120514t xxu||||| |||| 00| 0 eng d | ||
| 010 | _aENG-105269 | ||
| 020 |
_a9788120345393 _c325.00 |
||
| 035 | _aEN-88802 | ||
| 037 | _bDBAD / PUB | ||
| 040 |
_adpl _bEng |
||
| 082 | _a336 | ||
| 100 |
_aKennedy, M. Maria John _947069 |
||
| 245 |
_aPublic finance / _cby M. Maria John Kennedy |
||
| 260 |
_aNew Delhi _bPHI Learning _c2012 |
||
| 270 |
_aM-97, Connaught Circus _bNew Delhi _e110001 |
||
| 300 |
_axx,344p. _c24cm(pbk) |
||
| 500 | _aIncludes index. | ||
| 942 |
_2ddc _cEN _mKEN _h336 |
||
| 999 |
_c66608 _d66608 |
||